নজরুল রচনা-সম্ভার / (Record no. 76497)
[ view plain ]
| 000 -LEADER | |
|---|---|
| fixed length control field | 01368nam a2200301 a 4500 |
| 001 - CONTROL NUMBER | |
| control field | 76497 |
| 003 - CONTROL NUMBER IDENTIFIER | |
| rucl marc code | BD-RjUL |
| 005 - DATE AND TIME OF LATEST TRANSACTION | |
| control field | 20211209082842.0 |
| 008 - FIXED-LENGTH DATA ELEMENTS--GENERAL INFORMATION | |
| fixed length control field | 191211m19781970ii ||||| |||| 00| 0dben d |
| 020 ## - INTERNATIONAL STANDARD BOOK NUMBER | |
| Terms of availability | : IRs. 15.00 (V-2) |
| Terms of availability | : IRs. 15.00 (V-6) |
| 035 ## - SYSTEM CONTROL NUMBER | |
| System control number | (BD-RjUL)76720 |
| 040 ## - CATALOGING SOURCE | |
| Original cataloging agency | BD-RjUL |
| Language of cataloging | ben/eng |
| Transcribing agency | BD-RjUL |
| Modifying agency | BD-RjUL |
| 041 ## - LANGUAGE CODE | |
| Language code of text/sound track or separate title | ben |
| 082 ## - DEWEY DECIMAL CLASSIFICATION NUMBER | |
| Edition number | 23 |
| Classification number | 891.4408 |
| Author mark and year | ISN V-1-7 1970-1978 |
| 100 1# - MAIN ENTRY--PERSONAL NAME | |
| Relator code | ইসলাম, কাজী নজরুল |
| 245 10 - TITLE STATEMENT | |
| Title | নজরুল রচনা-সম্ভার / |
| Statement of responsibility, etc. | কাজী নজরুল ইসলাম ; আবদুল আজিজ আল্-আমান সম্পাদিত |
| 250 ## - EDITION STATEMENT | |
| Edition statement | ২য় প্রকাশ |
| 264 ## - PRODUCTION, PUBLICATION, DISTRIBUTION, MANUFACTURE, AND COPYRIGHT NOTICE | |
| Place of production, publication, distribution, manufacture | কলকাতা: |
| Name of producer, publisher, distributor, manufacturer | হরফ প্রকাশনী, |
| Date of production, publication, distribution, manufacture, or copyright notice | ১৯৭০-১৯৭৮ |
| 300 ## - PHYSICAL DESCRIPTION | |
| Pagination | খণ্ড ; |
| Size | ২২ সেমি. |
| 505 0# - FORMATTED CONTENTS NOTE | |
| Formatted contents note | খণ্ড ২ -- খণ্ড ৬ -- |
| 600 ## - SUBJECT ADDED ENTRY--PERSONAL NAME | |
| Personal name | ইসলাম, কাজী নজরুল, |
| Dates associated with a name | ১৮৯৯-১৯৭৬ |
| General subdivision | রচনাবলী |
| Personal name | Islam, Qazi Nazrul, |
| Dates associated with a name | 1899-1976 |
| General subdivision | Collected Works |
| 650 ## - SUBJECT ADDED ENTRY--TOPICAL TERM | |
| Topical term or geographic name as entry element | বাংলা সাহিত্য |
| General subdivision | রচনাবলী |
| 9 (RLIN) | 236359 |
| Topical term or geographic name as entry element | Bengali Literature |
| General subdivision | Collected Works |
| 9 (RLIN) | 236360 |
| 700 ## - ADDED ENTRY--PERSONAL NAME | |
| Personal name | আল্-আমান, আবদুল আজিজ, সম্পাদক |
| 942 ## - ADDED ENTRY ELEMENTS (KOHA) | |
| Source of classification or shelving scheme | Dewey Decimal Classification |
| Koha item type | Books |
| Lost status | Source of classification or shelving scheme | Damaged status | Not for loan | Permanent Location | Current Location | Shelving location | Date acquired | Total Checkouts | Full call number | Date last seen | Copy number | Koha item type | Collection code | Source of acquisition | Cost, normal purchase price |
|---|---|---|---|---|---|---|---|---|---|---|---|---|---|---|---|
| Dewey Decimal Classification | Central Library, University of Rajshahi | Central Library, University of Rajshahi | 11/12/2019 | B 891.4408 ISN V-2 1970 | 11/12/2019 | C-2 | Books | ||||||||
| Dewey Decimal Classification | Central Library, University of Rajshahi | Central Library, University of Rajshahi | 11/12/2019 | B 891.4408 ISN V-2 1970 | 11/12/2019 | C-3 | Books | ||||||||
| Dewey Decimal Classification | Not For Loan | Central Library, University of Rajshahi | Central Library, University of Rajshahi | Reading Room | 20/11/1978 | B 891.4408 ISN V-6 1978 | 11/12/2019 | C-1 | Books | Fiction | India International,kolikata | 15.00 |